| 000 | 00602nam a2200181 a 4500 | ||
|---|---|---|---|
| 005 | 20260421143201.0 | ||
| 008 | 260416s2026##################000#0#eng## | ||
| 020 |
_a9780521013284 _qpbk |
||
| 041 | _aeng | ||
| 082 | 0 | 4 | _a361.610973 HAC |
| 100 | _a Hacker , Jacob S. | ||
| 245 | 1 | 0 |
_aThe Divided Welfare State: The Battle over Public and Private Social Benefits in the United States _c/Jacob S. Hacker |
| 250 | _a1st ed. | ||
| 260 |
_aNew York: _b ‎Cambridge University Press, _c2002 |
||
| 300 |
_axvi,447p. _c;24cm. |
||
| 650 | _aSocial problems & social welfare in general | ||
| 942 | _cENGLISH | ||
| 999 |
_c619561 _d619561 |
||